Životopisy /

Hlavní autor: Plútarchos, asi 50-asi 120
Jazyk: Slovenština
Vydáno: Bratislava : Slovenské vydavateľstvo krásnej literatúry, 1953
Vydání: 1. vyd.
Edice: Slovo antiky
Fyzický popis: 318 s. ; 8°
Knihy
Uloženo v:
LEADER 00709nam a22002292a 4500
001 000289865
003 CZ BrMZK
005 20150714131100.0
007 ta
008 980105s1953 xo f slo d
040 |a ABA001  |b cze  |c ABA001  |d ABA001 
041 1 |a slo  |h und 
100 0 |a Plútarchos,  |d asi 50-asi 120  |7 jn19981002002  |4 aut 
245 1 0 |a Životopisy /  |c Plutarchos 
250 |a 1. vyd. 
260 |a Bratislava :  |b Slovenské vydavateľstvo krásnej literatúry,  |c 1953 
300 |a 318 s. ;  |c 8° 
490 1 |a Slovo antiky ;  |v sv. 1 
830 0 |a Slovo antiky 
910 |a BOA001  |b 2-0295.732 
990 |a BK 
996 7 |b 2619862879  |c 2-0295.732  |l MZK  |r Sklad / do 24 hodin  |n 6  |w 000289865  |u 000010  |a 1  |e BOA001  |j MZK50  |s A